000
00317nam a2200121Ia 4500
008
190216s9999||||xx |||||||||||||| ||und||
100
_a
Gurdeep R Chatwal & Mahinder S Yadav
245
0
_a
Organometalic Chemistry
260
_b
Himalaya Publishing House
_c
1992
300
_a
359p
650
_a
Chemistry
942
_c
BK
999
_c
3014
_d
3014